แสดงรายละเอียดบรรณานุกรม
  กลับหน้าหลัก

Brief Record : Get Marc (ISO 2709) : E-mail record : QR code ปิดหน้าต่าง
LEADER 00000nama 2200000uu 4500
008    040531s2536 th m m a000 0 tha d
020    974-587-649-8
041    tha
050    WA32.JT3 ส869ก 2536
100    สุวงศ์ ศาสตรวาหา
245    กฏหมายสาธารณสุขและสิ่งแวดล้อม/ โดยสุวงศ์ ศาสตรวาหา,สุรชาติ ณหนองคายและพิพัฒน์ ทองผดุงโรจน์ 001
246    กฏหมายสาธารณสุข
250    2
260    กรุงเทพฯ เจ้าพระาการพิมพ์ 2536
300    758 หน้า
650    สาธารณสุข กฏหมายและระเบียบข้องบังคับ สิ่งแวดล้อม กฏหมายและระเบียบข้องบังคับสุรชาติ ณ หนองคายพิพัฒน์ ทองผดุงโรจน์ชื่อเรื่อง
998    1999-02-05
รายการนี้ยังไม่มีแท็ก
คุณยังไม่ได้ล็อกอิน คุณสามารถมีกิจกรรมร่วมกับเว็บไซต์ได้ แต่ต้องล็อกอินก่อน ::
  ล็อกอิน
ลำดับที่ ประเภท เลขเรียก สถานที่ สถานะ
1. หนังสือทั่วไป
หนังสือทั่วไป
WA32.JT3 ส869ก 2536  
  
หนังสือทั่วไป On Shelf
  ขอยืม
2. หนังสือทั่วไป
หนังสือทั่วไป
WA32.JT3 ส869ก 2536  
  
หนังสือทั่วไป On Shelf
  ขอยืม
3. หนังสือทั่วไป
หนังสือทั่วไป
WA32.JT3 ส869ก 2536  
  
หนังสือทั่วไป On Shelf
  ขอยืม
4. หนังสือทั่วไป
หนังสือทั่วไป
WA32.JT3 ส869ก 2536  
  
หนังสือทั่วไป On Shelf
  ขอยืม
5. หนังสือทั่วไป
หนังสือทั่วไป
WA32.JT3 ส869ก 2536  
  
หนังสือทั่วไป On Shelf
  ขอยืม
6. หนังสือทั่วไป
หนังสือทั่วไป
WA32.JT3 ส869ก 2536  
  
หนังสือทั่วไป On Shelf
  ขอยืม
7. หนังสือทั่วไป
หนังสือทั่วไป
WA32.JT3 ส869ก 2536  
  
หนังสือทั่วไป On Shelf
  ขอยืม
8. หนังสือทั่วไป
หนังสือทั่วไป
WA32.JT3 ส869ก 2536  
  
หนังสือทั่วไป On Shelf
  ขอยืม
9. หนังสือทั่วไป
หนังสือทั่วไป
WA32.JT3 ส869ก 2536  
  
หนังสือทั่วไป On Shelf
  ขอยืม
10. หนังสือทั่วไป
หนังสือทั่วไป
WA32.JT3 ส869ก 2536  
  
หนังสือทั่วไป On Shelf
  ขอยืม
11. หนังสือทั่วไป
หนังสือทั่วไป
WA32.JT3 ส869ก 2536  
  
หนังสือทั่วไป On Shelf
  ขอยืม
12. หนังสือทั่วไป
หนังสือทั่วไป
WA32.JT3 ส869ก 2536  
  
หนังสือทั่วไป On Shelf
  ขอยืม
   [แสดง 12/12 รายการ]

BibComment


ยังไม่เคยถูกคอมเมนท์

คอมเมนท์ทรัพยากรรายการนี้
  คอมเมนท์: กฏหมายสาธารณสุขแล..
Bib 184779

 
 
 

 Union Library Management : ULibM
Copyright 2026. All Rights Reserved.
скачать бесплатно без регистрации порно красивый секс HD Sex Hindi sex

xxx gou

xxxx

bfxxx

xxxwww

Секса Видео

xxxx

Секса Видео

detube

geilexxx

C99 Shell

worms shell

blod xxx video
Ebony Coed Rihanna Rimes Takes A Dick In Her Young Twat priyaa indian fuck anal and pusssy hardcore indian women xxx desi hardcore fucking part 1 bengalixxxcouple